[Event "DVM U20 2018"]
[Site "Osnabrück GER"]
[Date "2018.12.27"]
[Round "2"]
[White "Thomsen, Phil"]
[Black "Geltz, Noah"]
[Result "1-0"]
[Termination "normal"]
[Board "7.1"]
[WhiteElo "2134"]
[BlackElo "1991"]
[WhiteTeam "SGes Bensheim"]
[BlackTeam "SF HN-Biberach 1978 e.V."]
[PlyCount "91"]
[WhiteFideId "12955736"]
[BlackFideId "16224256"]
[EventCountry "GER"]
[EventRounds "7"]
[EventType "team-swiss"]
[EventDate "2018.12.26"]

{unterminated} 1. e4 c6 2. d4 d5 3. Nc3 b5 4. e5 e6 5. f4 a6 6. Be3 Nd7 7. Nf3
Ne7 8. Bf2 c5 9. dxc5 Nc6 10. Be2 Bxc5 11. O-O Bxf2+ 12. Rxf2 O-O 13. Bd3 h6
14. Ne2 Nc5 15. Nfd4 Nxd4 16. Nxd4 Nxd3 17. Qxd3 Qc7 18. Rd1 Bd7 19. a3 Rac8
20. Rf3 Qc4 21. Qd2 f6 22. Qe1 Qc7 23. exf6 Rxf6 24. g3 Qb6 25. Kg2 a5 26. c3
Rb8 27. b4 a4 28. Re3 Rc8 29. Rdd3 Rc4 30. Nf3 Bc8 31. h3 Rc7 32. Kh2 Qd6 33.
Ne5 Qb6 34. Rd4 Bd7 35. Nd3 Bc8 36. Nc5 Qc6 37. Re5 Kf7 38. Qe2 Kf8 39. g4 Kg8
40. Kg3 Qd6 41. Ne4 Qb6 42. Nxf6+ gxf6 43. Re3 Bb7 44. Rxe6 Rxc3+ 45. Kh4 Qc7
46. Re8+ 1-0

[Event "DVM U20 2018"]
[Site "Osnabrück GER"]
[Date "2018.12.27"]
[Round "2"]
[White "Hoffmann, Jens"]
[Black "Keller, Yannik"]
[Result "1-0"]
[Termination "normal"]
[Board "7.2"]
[WhiteElo "2000"]
[BlackElo "1977"]
[WhiteTeam "SF HN-Biberach 1978 e.V."]
[BlackTeam "SGes Bensheim"]
[PlyCount "63"]
[WhiteFideId "12946320"]
[BlackFideId "12970204"]
[EventCountry "GER"]
[EventRounds "7"]
[EventType "team-swiss"]
[EventDate "2018.12.26"]

{unterminated} 1. e4 e5 2. Nf3 Nc6 3. d4 exd4 4. Nxd4 Bc5 5. Be3 Qf6 6. Nb5
Bxe3 7. fxe3 Qd8 8. Qg4 g6 9. Qf4 d6 10. Bc4 Ne5 11. O-O Qe7 12. N1c3 c6 13.
Nxd6+ Qxd6 14. Bxf7+ Ke7 15. Rad1 Qf6 16. Qg3 Nxf7 17. Qc7+ Ke6 18. Rxf6+ Nxf6
19. Ne2 Bd7 20. Nd4+ Ke7 21. Qxb7 Rac8 22. Qxa7 c5 23. Nb3 c4 24. Nc5 Rhd8 25.
Nb7 Rf8 26. Qa3+ Ke8 27. e5 Ne4 28. Rd4 Bc6 29. e6 Bxb7 30. exf7+ Rxf7 31. Qa4+
Bc6 32. Rxe4+ 1-0

[Event "DVM U20 2018"]
[Site "Osnabrück GER"]
[Date "2018.12.27"]
[Round "2"]
[White "Kaiser, Frederic"]
[Black "Triantafillidis, Simeon"]
[Result "1-0"]
[Termination "normal"]
[Board "7.3"]
[WhiteElo "1880"]
[BlackElo "1955"]
[WhiteTeam "SGes Bensheim"]
[BlackTeam "SF HN-Biberach 1978 e.V."]
[PlyCount "103"]
[WhiteFideId "16240618"]
[BlackFideId "12953113"]
[EventCountry "GER"]
[EventRounds "7"]
[EventType "team-swiss"]
[EventDate "2018.12.26"]

{unterminated} 1. e4 e5 2. Nf3 Nc6 3. Nc3 Nf6 4. Bb5 d6 5. h3 Be7 6. O-O O-O 7.
Bxc6 bxc6 8. d4 exd4 9. Nxd4 Bb7 10. Re1 Qd7 11. Qd3 Rad8 12. Nf5 Rfe8 13.
Nxe7+ Qxe7 14. Bg5 Qe6 15. Qf3 Rd7 16. Bxf6 Qxf6 17. Qxf6 gxf6 18. Re3 Rde7 19.
Rd1 c5 20. Rg3+ Kh8 21. f3 Re5 22. Rg4 Rg5 23. Kf2 Rd8 24. Nd5 Bxd5 25. Rxd5
Rxg4 26. hxg4 c6 27. Rd3 Kg7 28. c4 Kg6 29. Ke3 Kg5 30. Rd1 Rd7 31. Rh1 h6 32.
Rd1 Rd8 33. Rd3 Rd7 34. g3 Rd8 35. Rb3 d5 36. Rd3 d4+ 37. Kd2 Rb8 38. Kc2 a5
39. Ra3 Ra8 40. Kd3 h5 41. gxh5 Kxh5 42. Ra4 f5 43. exf5 Re8 44. Rxa5 Re3+ 45.
Kd2 Rxf3 46. Rxc5 Rf2+ 47. Kd3 Rxb2 48. a4 Rb6 49. Ra5 Kg5 50. Kxd4 Rb7 51. Kc5
Rc7 52. Kd6 1-0

[Event "DVM U20 2018"]
[Site "Osnabrück GER"]
[Date "2018.12.27"]
[Round "2"]
[White "Arns, Alexander"]
[Black "Hennemann, Florian"]
[Result "1-0"]
[Termination "normal"]
[Board "7.4"]
[WhiteElo "1920"]
[BlackElo "1869"]
[WhiteTeam "SF HN-Biberach 1978 e.V."]
[BlackTeam "SGes Bensheim"]
[PlyCount "73"]
[WhiteFideId "12944009"]
[BlackFideId "16272692"]
[EventCountry "GER"]
[EventRounds "7"]
[EventType "team-swiss"]
[EventDate "2018.12.26"]

{unterminated} 1. c4 Nf6 2. g3 g6 3. Bg2 Bg7 4. Nc3 d6 5. d3 O-O 6. Rb1 e5 7.
b4 Nc6 8. b5 Ne7 9. Nf3 Nd7 10. O-O f5 11. Bb2 h6 12. Nd2 Nf6 13. Qb3 Kh8 14.
e3 f4 15. exf4 exf4 16. Ne2 fxg3 17. Nxg3 Rb8 18. Nde4 Ng4 19. Bxg7+ Kxg7 20.
h3 Ne5 21. f4 Nd7 22. Rbe1 Nf5 23. Nxf5+ gxf5 24. Ng3 Nc5 25. Qc3+ Kh7 26. Nh5
Qd7 27. Nf6+ Rxf6 28. Qxf6 Ne6 29. Qxf5+ Kh8 30. Bd5 Qg7+ 31. Kh1 Nf8 32. Qh5
Bd7 33. Rg1 Qf6 34. Rg8+ Kh7 35. Reg1 Be6 36. Be4+ Ng6 37. R8xg6 1-0

[Event "DVM U20 2018"]
[Site "Osnabrück GER"]
[Date "2018.12.27"]
[Round "2"]
[White "Pitz, Sebastian"]
[Black "Gerold, Robin"]
[Result "0-1"]
[Termination "normal"]
[Board "7.5"]
[WhiteElo "1500"]
[BlackElo "1511"]
[WhiteTeam "SGes Bensheim"]
[BlackTeam "SF HN-Biberach 1978 e.V."]
[PlyCount "86"]
[WhiteFideId "16274806"]
[BlackFideId "16235185"]
[EventCountry "GER"]
[EventRounds "7"]
[EventType "team-swiss"]
[EventDate "2018.12.26"]

{unterminated} 1. d4 c6 2. c4 Nf6 3. g3 d5 4. Nf3 Bg4 5. Bg2 e6 6. O-O Be7 7.
b3 Nbd7 8. h3 Bxf3 9. Bxf3 O-O 10. Nc3 Rc8 11. Re1 Bb4 12. Bd2 Re8 13. c5 b6
14. cxb6 Qxb6 15. a3 Bd6 16. Bg5 c5 17. e3 cxd4 18. Na4 Qb7 19. exd4 Rc7 20.
Nb2 Rec8 21. Nd3 h6 22. Bd2 Qb6 23. Be3 Rc3 24. Nc1 Qb7 25. Re2 Ne4 26. Na2
R3c7 27. Bxe4 dxe4 28. b4 Nf6 29. Rc1 Rxc1 30. Nxc1 Nd5 31. Kg2 Nc3 32. Qd2
Nxe2 33. Nxe2 Qc6 34. Nf4 Bxf4 35. gxf4 Qc3 36. Qa2 Qc2 37. Qa1 Rc3 38. Kg3 Qb3
39. Qh1 f5 40. Kh4 Qxa3 41. Bd2 Rf3 42. Qg2 Qa6 43. Bc3 Rxc3 0-1

[Event "DVM U20 2018"]
[Site "Osnabrück GER"]
[Date "2018.12.27"]
[Round "2"]
[White "Fischer, Patrick"]
[Black "Simrock, Manuel"]
[Result "1-0"]
[Termination "normal"]
[Board "7.6"]
[WhiteElo "1658"]
[BlackElo "1146"]
[WhiteTeam "SF HN-Biberach 1978 e.V."]
[BlackTeam "SGes Bensheim"]
[PlyCount "61"]
[WhiteFideId "12953075"]
[BlackFideId "16274814"]
[EventCountry "GER"]
[EventRounds "7"]
[EventType "team-swiss"]
[EventDate "2018.12.26"]

{unterminated} 1. e4 c6 2. Nf3 d5 3. exd5 cxd5 4. d4 Nf6 5. Nc3 Bg4 6. Be2 e6
7. O-O Bd6 8. Bg5 h6 9. Bh4 Nbd7 10. Nb5 Qb8 11. Nxd6+ Qxd6 12. Bg3 Qb6 13. b3
Ne4 14. Bf4 Nc3 15. Qd2 Nf6 16. Qxc3 Ne4 17. Qd3 g5 18. Be3 Qc7 19. Nd2 Bxe2
20. Qxe2 Nc3 21. Qd3 f5 22. f4 g4 23. Bf2 Ne4 24. Nxe4 dxe4 25. Qd2 Qe7 26. Qe2
h5 27. Rad1 h4 28. Be3 Rd8 29. d5 e5 30. fxe5 Qxe5 31. Bd4 1-0

[Event "DVM U20 2018"]
[Site "Osnabrück GER"]
[Date "2018.12.27"]
[Round "2"]
[White "Browning, Alex"]
[Black "Grund, Sebastian"]
[Result "1/2-1/2"]
[Termination "normal"]
[Board "8.1"]
[WhiteElo "2052"]
[BlackElo "2050"]
[WhiteTeam "Märkischer Springer Halver-Schalksmühle"]
[BlackTeam "MTV 1876 Saalfeld"]
[PlyCount "162"]
[WhiteFideId "12984019"]
[BlackFideId "12988626"]
[EventCountry "GER"]
[EventRounds "7"]
[EventType "team-swiss"]
[EventDate "2018.12.26"]

1. e4 c5 2. Nf3 Nc6 3. c3 Nf6 4. e5 Nd5 5. d4 cxd4 6. cxd4 d6 7. Bc4 dxe5 8.
Nxe5 e6 9. O-O Bd6 10. Nf3 Nb6 11. Bd3 Bd7 12. Nc3 a6 13. a3 Qc7 14. Bd2 Ne7
15. Rc1 Bc6 16. Ne4 Bf4 17. Ne5 Bxe5 18. dxe5 Qxe5 19. Bc3 Qd5 20. Bxg7 O-O-O
21. Bxh8 Rxh8 22. Bb1 Rg8 23. Qxd5 Nbxd5 24. f3 Nf4 25. Ng3 h5 26. Rc4 Ned5 27.
Be4 Nxg2 28. Bxd5 exd5 29. Rd4 Ne3 30. Rc1 Nf5 31. Rxd5 Nxg3 32. hxg3 Kb8 33.
Rf5 Rxg3+ 34. Kf2 h4 35. Rxf7 Rh3 36. b4 Rh2+ 37. Kg1 Rd2 38. Rc3 h3 39. Rh7
Rg2+ 40. Kh1 Rg3 41. Rf7 Rg2 42. Rh7 Rg3 43. Kh2 Rxf3 44. Rxf3 Bxf3 45. Rxh3
Bc6 46. Kg3 Kc7 47. Kf4 Kd6 48. Rh5 Kc7 49. Ke5 Kb6 50. Kd6 Bb5 51. Re5 a5 52.
Re4 Bc6 53. Rg4 Ba4 54. bxa5+ Kxa5 55. Kc5 Bb5 56. Rb4 Bc6 57. Rf4 Bg2 58. Rf2
Be4 59. Rf8 b6+ 60. Kc4 Ka4 61. Rf4 Bb1 62. Rf6 Kxa3 63. Kc3 Ka2 64. Rxb6 Ka1
65. Kb3 Bd3 66. Rd6 Be4 67. Rd4 Bf5 68. Rf4 Bd3 69. Ra4+ Kb1 70. Rd4 Bc2+ 71.
Kc3 Bf5 72. Kb3 Bc2+ 73. Ka3 Ka1 74. Rd2 Bb1 75. Rb2 Be4 76. Ra2+ Kb1 77. Rf2
Bd3 78. Rf3 Bc4 79. Rg3 Kc2 80. Rg2+ Kb1 81. Rg4 Bd3 1/2-1/2

[Event "DVM U20 2018"]
[Site "Osnabrück GER"]
[Date "2018.12.27"]
[Round "2"]
[White "Kania, Markus"]
[Black "von Bargen, Lukas"]
[Result "0-1"]
[Termination "normal"]
[Board "8.2"]
[WhiteElo "1830"]
[BlackElo "1974"]
[WhiteTeam "MTV 1876 Saalfeld"]
[BlackTeam "Märkischer Springer Halver-Schalksmühle"]
[PlyCount "94"]
[WhiteFideId "12903736"]
[BlackFideId "12946141"]
[EventCountry "GER"]
[EventRounds "7"]
[EventType "team-swiss"]
[EventDate "2018.12.26"]

1. Nf3 Nf6 2. d4 e6 3. c4 b6 4. g3 Bb4+ 5. Bd2 Be7 6. Bg2 c6 7. Nc3 d5 8. O-O
O-O 9. Ne5 Bb7 10. Qa4 Nfd7 11. cxd5 Nxe5 12. dxe5 cxd5 13. e4 d4 14. Ne2 Nc6
15. f4 Bc5 16. Nc1 d3+ 17. Kh1 Qd4 18. Qxd4 Nxd4 19. Rd1 Nc2 20. Rb1 Rfd8 21.
b4 Be3 22. Rb3 Bxd2 23. Rxd2 Ne1 24. Nxd3 Rac8 25. Kg1 Rd4 26. Rd1 Nxg2 27.
Kxg2 Bxe4+ 28. Kf2 Rcd8 29. Ke3 Bf5 30. g4 Bxg4 31. Rc1 Bf5 32. Nf2 R4d7 33.
Rbc3 Kf8 34. a3 Ke7 35. Rg1 Kf8 36. Rgc1 f6 37. exf6 gxf6 38. Ne4 Bxe4 39. Kxe4
Rd4+ 40. Ke3 R8d7 41. Rc8+ Ke7 42. Rh8 Rd3+ 43. Kf2 Rd2+ 44. Kg1 Kd6 45. Rhc8
Kd5 46. R8c6 Rg7+ 47. Kh1 Rgg2 0-1

[Event "DVM U20 2018"]
[Site "Osnabrück GER"]
[Date "2018.12.27"]
[Round "2"]
[White "Kroo, Julian"]
[Black "Ratay, Meike"]
[Result "1/2-1/2"]
[Termination "normal"]
[Board "8.3"]
[WhiteElo "1827"]
[BlackElo "2037"]
[WhiteTeam "Märkischer Springer Halver-Schalksmühle"]
[BlackTeam "MTV 1876 Saalfeld"]
[PlyCount "96"]
[WhiteFideId "12989908"]
[BlackFideId "12977608"]
[EventCountry "GER"]
[EventRounds "7"]
[EventType "team-swiss"]
[EventDate "2018.12.26"]

1. d4 Nf6 2. Nf3 e6 3. c4 b6 4. g3 Ba6 5. Nbd2 Be7 6. Bg2 O-O 7. O-O d5 8. Qc2
c6 9. b3 Nbd7 10. Bb2 Rc8 11. e4 dxe4 12. Ng5 Qc7 13. Rfe1 h6 14. Ngxe4 Nxe4
15. Nxe4 Nf6 16. Qd2 Nxe4 17. Rxe4 Bf6 18. Rae1 Rfd8 19. Qc3 c5 20. Qe3 Bb7 21.
Rg4 h5 22. Rf4 Bxg2 23. Rxf6 gxf6 24. d5 e5 25. Kxg2 Kg7 26. Qf3 Rh8 27. Re4
Qd7 28. h3 Rh7 29. g4 Rh6 30. gxh5 Rg8 31. Rg4+ Kf8 32. Rxg8+ Kxg8 33. Bc1 Rh7
34. h6 Qd6 35. Qf5 Qd8 36. Be3 Kh8 37. Kf1 Kg8 38. f4 Rxh6 39. fxe5 Rg6 40. e6
Qe8 41. h4 fxe6 42. dxe6 Rg3 43. Bf4 Qg6 44. Qxg6+ Rxg6 45. Kf2 Kf8 46. h5 Rg8
47. Bd6+ Ke8 48. Kf3 Rg5 1/2-1/2

[Event "DVM U20 2018"]
[Site "Osnabrück GER"]
[Date "2018.12.27"]
[Round "2"]
[White "Leonidas, Robert"]
[Black "Lorenz, Anouk"]
[Result "1/2-1/2"]
[Termination "normal"]
[Board "8.5"]
[WhiteElo "1362"]
[BlackElo "1413"]
[WhiteTeam "Märkischer Springer Halver-Schalksmühle"]
[BlackTeam "MTV 1876 Saalfeld"]
[PlyCount "71"]
[WhiteFideId "16274776"]
[BlackFideId "12990256"]
[EventCountry "GER"]
[EventRounds "7"]
[EventType "team-swiss"]
[EventDate "2018.12.26"]

{[%evp 0,71,23,-12,33,26,26,-14,71,53,54,62,59,11,22,10,62,41,30,40,53,33,41,
16,-7,-11,4,-13,8,-16,-15,1,-20,-30,-27,-39,-37,-31,79,43,57,73,112,107,129,
135,264,56,51,40,13,-10,14,-32,4,-39,-29,-39,-25,-42,-3,-66,-49,-62,-61,-58,
-54,-48,-54,-66,-69,-69,-69,-67]} 1. c4 f5 2. g3 Nf6 3. Bg2 g6 4. Nc3 Bg7 5. d4
O-O 6. e3 d6 7. Nge2 Qe8 8. Qb3 c6 9. O-O Kh8 10. Re1 e5 11. d5 Na6 12. Qd1
cxd5 13. Nxd5 Nxd5 14. Bxd5 e4 15. Nd4 Nb4 16. Qb3 Nxd5 17. cxd5 Qe7 18. Bd2
Qg5 19. Bb4 Qe7 20. Nb5 Rd8 21. Rac1 a6 22. Rc7 Qf8 23. Na3 b5 24. Bc3 Rd7 25.
Bxg7+ Qxg7 26. Rc2 Kg8 27. Rec1 Bb7 28. Nb1 Qf7 29. Nc3 Rc8 30. a3 Rdc7 31. Kf1
Rc5 32. Rd1 a5 33. Rcd2 Kf8 34. Nxb5 Ba6 35. a4 Rb8 36. Qa2 1/2-1/2

[Event "DVM U20 2018"]
[Site "Osnabrück GER"]
[Date "2018.12.27"]
[Round "2"]
[White "Lorenz, Keana"]
[Black "Laufer, Maximilian"]
[Result "1-0"]
[Termination "normal"]
[Board "8.6"]
[WhiteElo "1459"]
[BlackElo "1479"]
[WhiteTeam "MTV 1876 Saalfeld"]
[BlackTeam "Märkischer Springer Halver-Schalksmühle"]
[PlyCount "57"]
[WhiteFideId "12990248"]
[BlackFideId "16274784"]
[EventCountry "GER"]
[EventRounds "7"]
[EventType "team-swiss"]
[EventDate "2018.12.26"]

{unterminated} 1. e4 c5 2. Nf3 d6 3. d4 cxd4 4. Nxd4 Nf6 5. Nc3 a6 6. f3 e5 7.
Nde2 Be7 8. Be3 Be6 9. Qd2 Nbd7 10. O-O-O Nb6 11. Kb1 O-O 12. g4 Rc8 13. h4 Nc4
14. Qd3 Qc7 15. h5 Nxe3 16. Qxe3 h6 17. g5 hxg5 18. Bh3 g4 19. fxg4 Bxg4 20.
Bxg4 Nxg4 21. Qg3 Nh6 22. Rhg1 Bf6 23. Rdf1 Qd8 24. Nd5 Bg5 25. Qxg5 Qxg5 26.
Rxg5 Kh7 27. Rfg1 Rce8 28. Rxg7+ Kh8 29. Nf6 1-0

[Event "DVM U20 2018"]
[Site "Osnabrück GER"]
[Date "2018.12.28"]
[Round "3"]
[White "Bunyatov, Rustam"]
[Black "Flüchter, Gregor"]
[Result "1/2-1/2"]
[Termination "normal"]
[Board "1.1"]
[WhiteTitle "FM"]
[WhiteElo "2177"]
[BlackElo "2157"]
[WhiteClock "01:08:01"]
[BlackClock "00:26:34"]
[WhiteTeam "SG Porz"]
[BlackTeam "SF Brackel"]
[PlyCount "172"]
[WhiteFideId "13410210"]
[BlackFideId "12903396"]
[EventCountry "GER"]
[EventRounds "7"]
[EventType "team-swiss"]
[EventDate "2018.12.26"]

1. Nf3 d5 2. c4 c6 3. b3 Nf6 4. Bb2 e6 5. g3 Nbd7 6. Bh3 Bd6 7. d3 Qe7 8. Qc2
e5 9. e4 d4 10. Bxd7+ Bxd7 11. h3 O-O-O 12. Nbd2 Kb8 13. O-O-O Ne8 14. Nh4 g6
15. Ng2 f6 16. f4 Ng7 17. Rdf1 Rdf8 18. g4 g5 19. f5 h5 20. h4 gxh4 21. Nxh4
Be8 22. Qd1 Qd7 23. Rfg1 hxg4 24. Qxg4 Nh5 25. Ng6 Bxg6 26. fxg6 Qxg4 27. Rxg4
Nf4 28. Rf1 Rhg8 29. Rfxf4 exf4 30. Bxd4 c5 31. Bb2 Be5 32. Nf3 Bxb2+ 33. Kxb2
f5 34. Rxf4 fxe4 35. Rxf8+ Rxf8 36. g7 Rg8 37. dxe4 Rxg7 38. Ne5 b6 39. a4 Rg3
40. a5 Kc7 41. axb6+ axb6 42. Kc2 Re3 43. Nd3 Rxe4 44. Kc3 Re3 45. Kd2 Rh3 46.
b4 cxb4 47. Nxb4 Rb3 48. Nd3 Ra3 49. Ke3 Ra4 50. Kd4 Kd6 51. Nb2 Ra8 52. Nd3
Rb8 53. Kc3 Rh8 54. Kd4 Rh4+ 55. Kc3 Ke6 56. Kb4 Kd6 57. Kc3 Re4 58. Kb4 Kc6
59. Kc3 Kd6 60. Kb4 Kc7 61. Kc3 Kc6 62. Nb4+ Kd6 63. Nd3 Rh4 64. Kb4 Rh5 65.
Kc3 b5 66. cxb5 Rxb5 67. Kc4 Rh5 68. Kd4 Rh4+ 69. Ke3 Kd5 70. Nf4+ Kc4 71. Ke4
Rh8 72. Ke5 Re8+ 73. Kf5 Re1 74. Ne6 Kd5 75. Nf4+ Kd6 76. Ng6 Rf1+ 77. Nf4 Re1
78. Ng6 Re6 79. Nf4 Re5+ 80. Kg4 Re8 81. Kf5 Re7 82. Ng6 Rf7+ 83. Ke4 Rf6 84.
Nf4 Rf7 85. Ng6 Rf6 86. Nf4 Rf7 1/2-1/2

[Event "DVM U20 2018"]
[Site "Osnabrück GER"]
[Date "2018.12.28"]
[Round "3"]
[White "Knudsen, Simon"]
[Black "Fieberg, Samuel"]
[Result "0-1"]
[Termination "normal"]
[Board "1.2"]
[BlackTitle "FM"]
[WhiteElo "2206"]
[BlackElo "2170"]
[WhiteClock "00:43:03"]
[BlackClock "00:53:49"]
[WhiteTeam "SF Brackel"]
[BlackTeam "SG Porz"]
[PlyCount "80"]
[WhiteFideId "12985546"]
[BlackFideId "12901717"]
[EventCountry "GER"]
[EventRounds "7"]
[EventType "team-swiss"]
[EventDate "2018.12.26"]

1. e4 c5 2. Nf3 Nc6 3. Bb5 g6 4. Bxc6 dxc6 5. d3 Bg7 6. h3 e5 7. a4 Ne7 8. a5
Rb8 9. Be3 b6 10. axb6 axb6 11. Nc3 O-O 12. Qd2 Qc7 13. Bh6 f6 14. O-O Be6 15.
b3 Ra8 16. Be3 g5 17. Kh2 h6 18. Ne2 f5 19. Qc3 Nd5 20. Qb2 Rxa1 21. Rxa1 Nf4
22. Ng3 fxe4 23. dxe4 Nxh3 24. gxh3 Rxf3 25. Ra8+ Kh7 26. Qa1 Qf7 27. Kg2 g4
28. hxg4 Bxg4 29. Ra7 Qf6 30. Nf5 Rxf5 31. exf5 Qxf5 32. Kg1 Be2 33. f3 Bxf3
34. Qf1 e4 35. Kf2 Kg6 36. Ke1 Bc3+ 37. Bd2 Qe5 38. Qg1+ Kh5 39. Rd7 e3 40.
Bxc3 Qxc3+ 0-1

[Event "DVM U20 2018"]
[Site "Osnabrück GER"]
[Date "2018.12.28"]
[Round "3"]
[White "Ramien, David"]
[Black "Korten, Lando"]
[Result "1/2-1/2"]
[Termination "normal"]
[Board "1.3"]
[WhiteElo "2136"]
[BlackElo "2100"]
[WhiteClock "00:58:51"]
[BlackClock "00:37:10"]
[WhiteTeam "SG Porz"]
[BlackTeam "SF Brackel"]
[PlyCount "138"]
[WhiteFideId "12948241"]
[BlackFideId "12989606"]
[EventCountry "GER"]
[EventRounds "7"]
[EventType "team-swiss"]
[EventDate "2018.12.26"]

{[%evp 0,31,19,31,72,53,86,65,68,47,52,33,45,45,32,34,12,23,69,35,36,-5,-2,-8,
30,19,55,1,26,64,76,84,105,60]} 1. e4 c5 2. Nf3 d6 3. Bb5+ Nd7 4. O-O a6 5.
Bxd7+ Bxd7 6. d4 cxd4 7. Qxd4 Nf6 8. Bg5 Bc6 9. Re1 e6 10. c4 Be7 11. Nc3 O-O
12. Rad1 Qc7 13. Bxf6 gxf6 14. Nd5 Qd8 15. Qe3 Re8 16. Nxe7+ Qxe7 17. Nd4 Kh8
18. Rd3 Rg8 19. Red1 Rac8 20. b3 Bd7 21. Nc2 Bc6 22. f3 Rcd8 23. Qf4 f5 24.
exf5 e5 25. Qh6 Qg5 26. Qxg5 Rxg5 27. Rxd6 Rdg8 28. Ne3 Bxf3 29. R1d2 Bc6 30.
f6 h5 31. Rd8 h4 32. Rxg8+ Kxg8 33. h3 Kh7 34. Rd6 Kg6 35. Kf2 Rg3 36. Nd5 Kg5
37. Rd8 Bxd5 38. cxd5 Kxf6 39. Rh8 Rc3 40. Rxh4 Rc2+ 41. Kf3 Rd2 42. d6 Kg5 43.
Rg4+ Kf6 44. Rh4 Kg5 45. Rg4+ Kf5 46. Rg8 e4+ 47. Ke3 Rd3+ 48. Ke2 Rxd6 49. Rg7
Kf6 50. Rg8 Ke5 51. Rg5+ Kd4 52. Kd2 Rf6 53. Ke2 b5 54. Rg8 Rd6 55. Rf8 f5 56.
Rxf5 Rc6 57. Kd2 e3+ 58. Kd1 Rd6 59. Rf8 Ke4+ 60. Ke1 Rd2 61. Re8+ Kf4 62. Rf8+
Ke4 63. Re8+ Kf4 64. Rf8+ Kg3 65. Rf3+ Kxg2 66. Rxe3 Rxa2 67. h4 Ra1+ 68. Kd2
Rh1 69. Re6 a5 1/2-1/2

[Event "DVM U20 2018"]
[Site "Osnabrück GER"]
[Date "2018.12.28"]
[Round "3"]
[White "Stemmler, Fabian"]
[Black "Sabirov, Ramil"]
[Result "0-1"]
[Termination "normal"]
[Board "1.4"]
[WhiteElo "1972"]
[BlackElo "2066"]
[WhiteClock "00:42:27"]
[BlackClock "01:05:18"]
[WhiteTeam "SF Brackel"]
[BlackTeam "SG Porz"]
[PlyCount "53"]
[WhiteFideId "12964808"]
[BlackFideId "12900303"]
[EventCountry "GER"]
[EventRounds "7"]
[EventType "team-swiss"]
[EventDate "2018.12.26"]

1. d4 Nf6 2. c4 g6 3. Nc3 d5 4. cxd5 Nxd5 5. e4 Nxc3 6. bxc3 Bg7 7. Bc4 c5 8.
Ne2 Nc6 9. Be3 O-O 10. O-O Qc7 11. Rc1 Rd8 12. Qd2 b6 13. Bh6 Bh8 14. Bf4 Qd7
15. Rfd1 Bb7 16. Be3 Na5 17. Bd3 Qa4 18. Qc2 Qa3 19. dxc5 bxc5 20. Rb1 c4 21.
Bxc4 Nxc4 22. Rxd8+ Rxd8 23. Rxb7 Qxa2 24. Qb1 Nxe3 25. fxe3 Qxe2 26. Rb8 Qxe3+
27. Kf1 0-1

[Event "DVM U20 2018"]
[Site "Osnabrück GER"]
[Date "2018.12.28"]
[Round "3"]
[White "Sewald, Kathrin"]
[Black "Gerlach, Felix"]
[Result "1-0"]
[Termination "normal"]
[Board "1.5"]
[WhiteElo "1980"]
[BlackElo "2050"]
[WhiteClock "00:44:40"]
[BlackClock "00:48:13"]
[WhiteTeam "SG Porz"]
[BlackTeam "SF Brackel"]
[PlyCount "83"]
[WhiteFideId "12964557"]
[BlackFideId "12957690"]
[EventCountry "GER"]
[EventRounds "7"]
[EventType "team-swiss"]
[EventDate "2018.12.26"]

1. e4 e5 2. Nf3 Nc6 3. Bc4 Bc5 4. c3 Nf6 5. d3 O-O 6. O-O h6 7. Bb3 Re8 8. Nbd2
d5 9. Qe2 d4 10. Rd1 a5 11. a4 Nh5 12. Qf1 Nf4 13. Bc4 Bb6 14. Kh1 Qf6 15. Ng1
Bd7 16. g3 Ng6 17. Ndf3 Rad8 18. Qg2 Be6 19. Bb5 Rd6 20. cxd4 Bxd4 21. Nxd4
Rxd4 22. Be3 Rb4 23. Rd2 Rd8 24. Rf1 Nd4 25. h4 Nxb5 26. axb5 Rxb5 27. Ne2 a4
28. h5 Ne7 29. f4 Bg4 30. Kg1 Bxe2 31. Qxe2 Rb3 32. Kg2 Qa6 33. Rfd1 Nc6 34.
Qg4 b6 35. f5 Kf8 36. f6 gxf6 37. Bxh6+ Ke7 38. Bg7 Rdxd3 39. h6 Nd4 40. h7
Rxg3+ 41. Qxg3 Rxg3+ 42. Kxg3 1-0

[Event "DVM U20 2018"]
[Site "Osnabrück GER"]
[Date "2018.12.28"]
[Round "3"]
[White "Elier, Ali"]
[Black "Quinones-Maletti, Julio Guillermo"]
[Result "1-0"]
[Termination "normal"]
[Board "1.6"]
[WhiteElo "1989"]
[BlackElo "2029"]
[WhiteClock "01:03:56"]
[BlackClock "00:37:53"]
[WhiteTeam "SF Brackel"]
[BlackTeam "SG Porz"]
[PlyCount "91"]
[WhiteFideId "16217543"]
[BlackFideId "1462318"]
[EventCountry "GER"]
[EventRounds "7"]
[EventType "team-swiss"]
[EventDate "2018.12.26"]

1. e4 c5 2. d4 cxd4 3. c3 Nf6 4. e5 Nd5 5. Nf3 d6 6. Bc4 Nb6 7. Bb3 Nc6 8. exd6
Qxd6 9. O-O Be6 10. Bxe6 Qxe6 11. Nxd4 Nxd4 12. Qxd4 Rd8 13. Qf4 g6 14. Be3 Bg7
15. Qb4 Nd5 16. Qa4+ Qd7 17. Qxa7 O-O 18. Na3 Ra8 19. Qc5 b6 20. Qb5 Qf5 21.
Qb3 Nxe3 22. fxe3 Qc5 23. Nc2 Bh6 24. Rf3 Rad8 25. Raf1 Rd5 26. Kh1 e6 27. Nd4
Re5 28. Re1 Rd8 29. Qa4 Re4 30. Qa7 f5 31. Rh3 Bg7 32. Qb7 h6 33. Nc6 Rxe3 34.
Rhxe3 Qxe3 35. Qf7+ Kh7 36. Rg1 Rf8 37. Qc7 f4 38. Nd4 g5 39. Qe7 Rf6 40. Qe8
e5 41. Nf3 Rf8 42. Qh5 Kg8 43. Rd1 e4 44. Ng1 f3 45. Qh3 f2 46. Qxe3 1-0

[Event "DVM U20 2018"]
[Site "Osnabrück GER"]
[Date "2018.12.28"]
[Round "3"]
[White "Roseneck, Jonas"]
[Black "Beeck, Mats"]
[Result "1-0"]
[Termination "normal"]
[Board "2.2"]
[WhiteElo "2246"]
[BlackElo "2126"]
[WhiteClock "00:55:30"]
[BlackClock "00:42:26"]
[WhiteTeam "SG Aufbau Elbe Magdeburg"]
[BlackTeam "SK Doppelbauer Kiel"]
[PlyCount "46"]
[WhiteFideId "12939870"]
[BlackFideId "12936944"]
[EventCountry "GER"]
[EventRounds "7"]
[EventType "team-swiss"]
[EventDate "2018.12.26"]

{[%evp 0,49,27,33,10,10,16,16,10,2,51,33,57,30,30,21,21,-3,-5,-1,8,-15,-13,-15,
-6,-23,-12,-12,-7,-12,8,14,-3,0,48,45,75,50,145,133,179,137,153,-884,193,-843,
363,379,380,436,422,-848]} 1. e4 e5 2. Nf3 Nc6 3. Bc4 Bc5 4. O-O d6 5. c3 Nf6
6. d3 a6 7. a4 O-O 8. Bg5 h6 9. Bh4 Ba7 10. Na3 Qe7 11. h3 Be6 12. b4 g5 13.
Bg3 Nh5 14. Bh2 Nf4 15. Bxf4 gxf4 16. b5 Nb8 17. d4 Qf6 18. Qd3 Qd8 19. Rfd1
Bxc4 20. Qxc4 exd4 21. Qxc7 Qd7 22. cxd4 axb5 23. Nxb5 Kh7 1-0

[Event "DVM U20 2018"]
[Site "Osnabrück GER"]
[Date "2018.12.28"]
[Round "3"]
[White "Arndt, Magnus"]
[Black "Biastoch, Bennet"]
[Result "1-0"]
[Termination "normal"]
[Board "2.3"]
[WhiteElo "2167"]
[BlackElo "2194"]
[WhiteClock "01:03:14"]
[BlackClock "00:31:12"]
[WhiteTeam "SK Doppelbauer Kiel"]
[BlackTeam "SG Aufbau Elbe Magdeburg"]
[PlyCount "89"]
[WhiteFideId "12998656"]
[BlackFideId "12939889"]
[EventCountry "GER"]
[EventRounds "7"]
[EventType "team-swiss"]
[EventDate "2018.12.26"]

1. d4 Nf6 2. Bf4 d5 3. e3 c5 4. c3 Nc6 5. Nd2 e6 6. Ngf3 Bd6 7. Bg3 O-O 8. Bd3
b6 9. e4 dxe4 10. Nxe4 Nxe4 11. Bxe4 Bb7 12. Qa4 Rc8 13. Rd1 Bxg3 14. hxg3 f5
15. dxc5 Qf6 16. Bxc6 Bxc6 17. Qh4 Qxh4 18. Rxh4 Bxf3 19. gxf3 Rxc5 20. Rd7 Rf7
21. Rd8+ Rf8 22. Rxf8+ Kxf8 23. Rxh7 Kf7 24. Rh8 Kf6 25. Rd8 g5 26. Rd7 a5 27.
Kd2 f4 28. Rd4 fxg3 29. fxg3 Rf5 30. Ke3 Re5+ 31. Kf2 Rb5 32. b4 axb4 33. cxb4
Ke5 34. Ke3 Kf6 35. a4 Re5+ 36. Kf2 Ke7 37. g4 Kf6 38. Rd6 Ke7 39. Rxb6 Rd5 40.
a5 Rd2+ 41. Ke3 Ra2 42. a6 Ra4 43. b5 Kd7 44. Rb7+ Kd6 45. a7 1-0